| 000 | 00513nam a22001577a 4500 | ||
|---|---|---|---|
| 003 | NUST | ||
| 082 | _a200 | ||
| 100 |
_aKhan, Asim Hameed _9114342 |
||
| 245 |
_aCrop Type Classification using Multi-temporal Satellite Imagery/ _cAsim Hameed Khan, |
||
| 264 |
_aIslamabad : _bSEECS, NUST, _c2023. |
||
| 300 |
_a90 p. ; _c30 cm. |
||
| 650 |
_aMS-Computer Science _926780 |
||
| 700 |
_aSupervisor: Dr Muhammad Moazam Fraz _996751 |
||
| 856 | _uhttp://10.250.8.41:8080/xmlui/handle/123456789/33880 | ||
| 942 |
_2ddc _cSC |
||
| 999 |
_c595696 _d595696 |
||